Diez años de transformación agraria sandinista /
sin resumen
Kaydedildi:
| Yazar: | |
|---|---|
| Materyal Türü: | Metin |
| Dil: | Spanish |
| Konular: | |
| Etiketler: |
Etiketle
Etiket eklenmemiş, İlk siz ekleyin!
|
MARC
| LEADER | 00000 a a2200000 04500 | ||
|---|---|---|---|
| 001 | 17249 | ||
| 003 | cru IIS | ||
| 005 | 20211110120414.0 | ||
| 008 | 211110b |||||||| |||| 00| 0 spa d | ||
| 040 | |c cru IIS | ||
| 100 | |a Wheelock Román, Jaime | ||
| 245 | |a Diez años de transformación agraria sandinista / |c Jaime Wheelock Román | ||
| 500 | |a Colección Centroamérica | ||
| 520 | |a sin resumen | ||
| 650 | |a REFORMA AGRARIA | ||
| 650 | |a ESTRUCTURA AGRICOLA | ||
| 773 | |g número 5; páginas 5-10 | ||
| 773 | 0 | |0 43942 |9 6274 |a Nicaragua. |d Masaya, Nicaragua: Ministerio de Desarrollo Agropecuario y de Reforma Agraria. Centro de Investigación en Reforma Agraria |o MFN: 1721 |t Revolución y Desarrollo / | |
| 942 | |2 ddc |c PP | ||
| 999 | |c 36579 |d 36579 | ||
